Les écarts de loyer.

Nájomné je citlivejšie na lokalizáciu bytu ako na jeho komfort. Rozdiely v nájomnom sú určované: plochou bytu a či ide o nový, či starý byt, typom HLM, dlhším pobytom. Predpisy o nájomnom sa v r. 1984 a 1988 značne zmenili. Rast nájomného bol väčšmi pribrzdený ako ceny tovarov a rast miestnych daní....

Descrizione completa

Salvato in:
Dettagli Bibliografici
Autore principale: Curci, G.
Altri autori: Taffin, C.
Natura: Capitolo di libro
Lingua:francese
Soggetti:
Tags: Aggiungi Tag
Nessun Tag, puoi essere il primo ad aggiungerne!!

MARC

LEADER 00000naa a2200000 4500
001 r005331
005 20221125091510.6
041 0 |a fre 
044 |a FR 
245 1 0 |a Les écarts de loyer.  |c G. Curci, C. Taffin 
520 |a Nájomné je citlivejšie na lokalizáciu bytu ako na jeho komfort. Rozdiely v nájomnom sú určované: plochou bytu a či ide o nový, či starý byt, typom HLM, dlhším pobytom. Predpisy o nájomnom sa v r. 1984 a 1988 značne zmenili. Rast nájomného bol väčšmi pribrzdený ako ceny tovarov a rast miestnych daní. Francúzi platia mnoho za nájomné zo svojho príjmu. 
610 2 0 |a nájomné 
610 2 0 |a byty 
610 2 0 |a lokalizácia 
610 2 0 |a príjmy 
610 2 0 |a Francúzsko 
610 2 0 |a údaje štatistické 
610 2 0 |a ceny 
100 1 |a Curci, G. 
700 1 |a Taffin, C.